00325nam a22000977a 4500008004100000082001700041110000800058245012500066260002700191300000900218230609b xxu||||| |||| 00| 0 eng d a354.676bGOK bGOK a2010/2011 Estimates of Development Expenditure of the GOk for the Year Endeing 30th June, 2011cvolume 2 (Votes D21-D60) aKenyabGoKcJune, 2010 a888p